Znani Polacy, którzy zmarli tragicznie - Statystyki

Ogólne statystyki
  • Ten quiz został rozwiązany 27 razy
  • Średni wynik to 12 z 21
Statystyki odpowiedzi
Opis Przyczyna śmierci Lata życia Osoba % Poprawnych
Polityk, wicepremier, wicemarszałek sejmu Samobójstwo, podejrzenie morderstwa 1954-2011 Andrzej Lepper
100%
Prezydent Katastrofa lotnicza 1949-2010 Lech Kaczyński
100%
Ksiądz, błogosławiony Morderstwo 1947-1984 Jerzy Popiełuszko
96%
Prezydent na uchodźstwie Katastrofa lotnicza 1919-2010 Ryszard Kaczorowski
88%
Piosenkarka Katastrofa lotnicza 1950-1980 Anna Jantar
85%
Aktywistka, działaczka Solidarności, założycielka WZZ Katastrofa lotnicza 1929-2010 Anna Walentynowicz
81%
Piłkarz Wypadek samochodowy 1947-1989 Kazimierz Deyna
81%
Prezydent Gdańska Morderstwo 1965-2019 Paweł Adamowicz
81%
Piosenkarz Morderstwo 1949-1991 Andrzej Zaucha
77%
Aktor Wpadnięcie pod pociąg 1927-1967 Zbigniew Cybulski
77%
Malarz Morderstwo 1929-2005 Zdzisław Beksiński
58%
Gangster, powiązany z mafią pruszkowską Morderstwo 1954-1991 Andrzej Kolikowski/Pershing
46%
Sportowiec Wypadek samochodowy 1940-1998 Władysław Komar
42%
Były premier PRL Morderstwo 1909-1992 Piotr Jaroszewicz
38%
Polityk, minister Wypadek samochodowy 1932-2008 Bronisław Geremek
35%
Sportowiec Wypadek samochodowy 1950-1998 Tadeusz Ślusarski
31%
Sportowiec Wypadek samochodowy 1951-1981 Bronisław Malinowski
15%
Polityk, minister sportu Morderstwo 1960-2001 Jacek Dębski
15%
Polityk Utonięcie 1946-2021 Jan Lityński
15%
Tekściarz, satyryk Zakrztuszenie 1942-1988 Jonasz Kofta
12%
Aktor, znany m.in. z filmów Barei Obrażenia, po wypadku samochodowym 1928-2010 Wojciech Siemion
0%
Nie znaleziono quizów pasujących do podanych kryteriów
Rozkład punktacji
Procent ludzi z każdym wynikiem
Percentyl według liczby udzielonych odpowiedzi
Twoja historia wyników
Nie rozwiązałeś tego quizu